Material zur Charakteristik des kulturellen Einzugsgebiets von Königsberg i. Pr
| Titel: | Material zur Charakteristik des kulturellen Einzugsgebiets von Königsberg i. Pr : in der zweiten Hälfte des 18. Jahrhunderts |
|---|---|
| Verfasser: | |
| In: |
Königsberg und Riga, (1995), Seite 29-49 alle Artikel anzeigen |
| Veröffentlicht: | 1995 |
| Format: | Aufsatz |
| Sprache: | Deutsch |
X
alg: 39146136 001A $01999:11-11-16 001B $01999:15-05-21 $t20:54:13.000 001D $01999:11-11-16 001U $0utf8 001X $00 002@ $0Aox 003@ $0391461362 007A $0391461362 $aHEB 007T $0Herd00452 010@ $ager 011@ $a1995 021A $aMaterial zur Charakteristik des kulturellen Einzugsgebiets von Königsberg i. Pr $din der zweiten Hälfte des 18. Jahrhunderts 028A $aIschreyt $dHeinz 031A $h29-49 $j1995 039B $aIn $8--AFu--. @Zentren der Aufklärung ; 2. Königsberg und Riga. - Tübingen : Niemeyer, 1995. - IX, 263 S.. - Ill., graph. Darst.. - ISBN 3-484-17516-8 $x199500000000000971 $9045697310 045F $a307.094382 $eDDC23BSB 045F/01 $a307.09 045F/03 $g4382 045F/03 $g43832 lok: 39146136 78 exp: 39146136 78 1 #EPN 201B/01 $005-12-17 $t23:50:07.000 201U/01 $0utf8 203@/01 $0787555444 208@/01 $a11-11-16 $be 209A/01 $a/ $f000 $x00 220C/01 $aTitelaufnehmer: rk 244Z/01 $2Trx $#Prusy Wschodnie i Zachodnie $8--Trx--Ost- und Westpreußen $x01 $939113373X 244Z/01 $#Königsberg Preußen $#Königsberg i. Pr. $#Königsberg Pr. $#Königsberg in Ostpreußen $#Königsberg Ostpreußen $#Königsberg (Pr.) $#Königsberg Pregel $#Stadtgemeinde Königsberg $#Königsbergk $#Kaliningrad $#Karaliánčins $#Krulevec $#Karaláuczuje $#Królewiec $#Karaliaučius $#Regimontanus $#Regiomontium $#Regiomontum $#Regiomontum Borussiae $#Калининград $74031541-1 $8--Tg1--Königsberg $x02 $908508364X 244Z/01 $2Trx $#kultuur üldine $#kultūra bendras $#culture $#kultúra általános $#kultura ogólnie $#kultúra všeobecne $#kultura všeobecná $8--Trx--Kultur$gallgemein $x03 $9391375490 244Z/01 $2Trx $#valgustusajastu $#Apšvieta $#Enlightenment $#felvilágosodás $#oświecenie $#osvietenstvo $#osvícenství $8--Trx--Aufklärung $x04 $9391364642 244Z/01 $2Trx $8--Trx--Einzelbeiträge $x05 $9391384570 245Z/01 $a13.03 $x01 245Z/01 $a11.01 $x02 247C/01 $82080>Marburg/Lahn, Herder-Institut, Forschungsbibliothek, Bibliographieportal $9336309341
| LEADER | 00000caa a22000002c 4500 | ||
|---|---|---|---|
| 001 | 391461362 | ||
| 003 | DE-603 | ||
| 005 | 20210515205413.0 | ||
| 007 | tu | ||
| 008 | 161111s1995 xx |||| | u00||u|ger c | ||
| 035 | |a (DE-599)HEB391461362 | ||
| 040 | |a DE-603 |b ger |c DE-603 |d DE-603 | ||
| 041 | |a ger | ||
| 082 | 0 | 4 | |8 1\u |a 307.094382 |q DE-101 |2 23/BSB |
| 085 | |8 1\u |b 307.09 | ||
| 085 | |8 1\u |z 2 |s 4382 | ||
| 085 | |8 1\u |z 2 |s 43832 | ||
| 100 | 1 | |a Ischreyt, Heinz | |
| 245 | 0 | 0 | |a Material zur Charakteristik des kulturellen Einzugsgebiets von Königsberg i. Pr |b in der zweiten Hälfte des 18. Jahrhunderts |
| 264 | 0 | |c 1995 | |
| 773 | 0 | 8 | |i In |t Königsberg und Riga |d Tübingen : Niemeyer, 1995 |h IX, 263 S., Ill., graph. Darst. |z 3484175168 |g (1995), Seite 29-49 |w (DE-603)045697310 |
| 924 | 0 | |9 2080 |a (DE-603)787555444 |b DE-2080 |c HES |d d |g / | |


